| 000 | 00696nam a2200229Ia 4500 | ||
|---|---|---|---|
| 003 | BUBTL | ||
| 008 | 151213s9999 xx 000 0 und d | ||
| 020 | _a0256166226 | ||
| 082 | _a657.3/ B822c/ 1998 | ||
| 100 |
_aBrownlee, E.Richard _93849 |
||
| 245 |
_aCorporate Financial Reporting : Text & Cases / _cE.Richard Brownlee, Kenneth R. Ferris and Mark E. Haskins |
||
| 250 | _a3rd | ||
| 260 |
_aBoston _bIrwin _cc1998 |
||
| 300 |
_a[xvi], 928 p . : _bill. ; 23cm. |
||
| 500 | _aIncludes Index | ||
| 650 |
_aFinance _93850 |
||
| 650 |
_aFinance _93850 |
||
| 700 |
_aE.Richard Brownlee & Others _93851 |
||
| 856 |
_k0 _l0 _yDownload |
||
| 942 |
_2ddc _cBK |
||
| 999 |
_c1172 _d1172 |
||